00485nam a22001457a 4500003000400000082001800004100001600022245009900038260002500137300000700162653003400169942001200203952010700215999001700322SGT a617.643bC26Y aYadav, Anuj aComparative evaluation of different types of re-mineralising tooth-paste on white spot lesions aGurugrambSGTUc2026 a73 a Orthodontics and dentofacial 2ddccTH 00102ddc4071aFDbFDcREFd2026-04-09l0o617.643 C26YpDT2658r2026-04-09 00:00:00w2026-04-09yTH c34601d34601